| 000 | 00728nam a2200229 a 4500 | ||
|---|---|---|---|
| 005 | 20220526063409.0 | ||
| 008 | 080304s2005 es r 000 0 spa d | ||
| 020 | _a8426359337 | ||
| 035 | _aUPN01000154716 | ||
| 049 | _aI | ||
| 050 | 4 |
_aPZ24.9 _bC3.3 |
|
| 100 | 1 |
_aCantin, Amélie, _d1970- |
|
| 245 | 1 | 0 |
_aGabriel y la isla azul / _cAmélie Cantin ; il. Laurent Richard ; tr. Agustín Gervás. |
| 260 |
_aZaragoza, Esp. : _bEdelvives, _c2005. |
||
| 300 |
_a47 p. : _bprincipalmente il. col. |
||
| 440 | 0 |
_aAla delta ; _v40 |
|
| 534 |
_pTitulo original: _tJules et l'ille bleue |
||
| 650 | 0 |
_aCuentos infantiles franceses _98588 |
|
| 650 | 4 |
_aCUENTOS DE MAR _98752 |
|
| 700 | 1 |
_aRichard, Laurent, _eil. |
|
| 905 | _aInfantil | ||
| 999 |
_c126833 _d126833 |
||